000 00479nam a22001817a 4500
008 151015b xxu||||| |||| 00| 0 eng d
020 _a0714832472
020 _a0714832472
041 0 _aeng
080 _a73
100 1 _aGombrich, E. H.
245 0 _aThe Story of Art
_cE.H Gombrich
250 _a16th ed., expanded and redesigned
260 _c1995.
_aLondon;
_bPhaidon press limited:
300 _a(688) f.,
_bme il.,
_c25 cm.
650 0 _aArt
_xHistori
942 _2udc
_cBK
999 _c1295
_d1295